| LEADER |
02081nam0a2200241 450 |
| 001 |
16846221 |
| 010 |
|
|
|a 978-2-7493-0837-1
|b rel.
|d 14,95
|
| 100 |
|
|
|a 20180321d2026 u u0frey01 ba
|
| 101 |
0 |
|
|a fre
|
| 102 |
|
|
|a FR
|
| 200 |
0 |
|
|a Dernières migrations
|f d'après une idée originale de Loisel
|g scénario, Loisel et JB Djian - dessin, Mallié - couleur, Lapierre
|
| 207 |
|
1 |
|a
|
| 210 |
|
|
|a Issy-les-Moulineaux
|b 31-33, rue Ernest Renan
|c Vents d'ouest
|d DL 2017
|
| 215 |
|
|
|a 1 vol. (60 p.)
|c ill. en coul.
|d 32 cm
|
| 225 |
1 |
|
|a Le grand mort
|v 7
|
| 330 |
|
|
|a Le sort des deux mondes est entre leurs mainsLes dignitaires sont atterrés. Macare, la prêtresse hermaphrodite sortira-t-elle de son coma ? Le petit monde est au bord du chaos le plus total, car elle-seule aurait la possibilité de le sauver : elle détient la connaissance, mais risque de mourir avec... La seule solution pour remédier à cela est de faire revenir Erwan, le transporteur, afin qu'il la partage équitablement entre les clans. Mais Macare vivra-t-elle assez longtemps ? Et comment prévenir Erwan qu'il y a urgence alors qu'il est coincé dans le grand monde entre la terrifiante Blanche et l'attente du retour de Pauline et Gaëlle qui sont censées lui rapporter les « Larmes d'abeille » ? Pauline et Gaëlle qui doivent affronter les pires dangers, tout en protégeant les fioles contenant le précieux liquide...Beaucoup de révélations pour l'avant-dernier épisode du Grand Mort ! Djian, Loisel et Mallié poursuivent avec un talent rare cette série aux dessins somptueux et uniques en son genre, mêlant fantasy et récit post-apocalyptique. Une métaphore des problématiques de notre société moderne comme l'écologie ou la crise des migrants.
|
| 461 |
|
0 |
|t Le grand mort
|v 7
|
| 700 |
|
0 |
|a Loisel
|b Régis
|f 1951-....
|4 70
|
| 701 |
|
0 |
|a Djian
|b Jean-Blaise
|f 1953-....
|4 70
|
| 702 |
|
0 |
|a Mallié
|b Vincent
|f 1973-....
|4 440
|
| 900 |
|
|
|a Bandes déssinées ADULTE
|
| 901 |
|
|
|a Accessible au prêt
|
| 995 |
|
|
|a Bibliothèque
|c Bibliothèque
|f 024025185
|h 024025185
|k BDA LOI
|o p
|q a
|r az
|e Bibliothèque
|